Finding new uses for redundant churches. (Record no. 60921)

MARC details
000 -LEADER
fixed length control field 00751cam a2200181 4500
001 - CONTROL NUMBER
control field ABS61211
008 - FIXED-LENGTH DATA ELEMENTS--GENERAL INFORMATION
fixed length control field 000000n1999 000 0 eng u
035 ## - SYSTEM CONTROL NUMBER
System control number (Sirsi) u101808
100 ## - MAIN ENTRY--PERSONAL NAME
Personal name Mulkeen, A.
245 ## - TITLE STATEMENT
Title Finding new uses for redundant churches.
260 ## - PUBLICATION, DISTRIBUTION, ETC.
Date of publication, distribution, etc. 1999
490 ## - SERIES STATEMENT
Series statement Context
Volume/sequential designation (63) September 1999, 6-7(2)
520 ## - SUMMARY, ETC.
Summary, etc. Gives an overview of the legal and administrative process of finding an alternative use for a redundant Church of England church. Describes procedures defined under the Pastoral Measures scheme, which has the force of an act of parliament, and the role of the Church Commissioners and diocesan bodies.
650 ## - SUBJECT ADDED ENTRY--TOPICAL TERM
Topical term or geographic name entry element CHURCHES
650 ## - SUBJECT ADDED ENTRY--TOPICAL TERM
Topical term or geographic name entry element ECCLESIASTICAL BUILDINGS
690 ## - LOCAL SUBJECT ADDED ENTRY--TOPICAL TERM (OCLC, RLIN)
Topical term or geographic name as entry element CONSERVATION
942 ## - ADDED ENTRY ELEMENTS (KOHA)
Suppress in OPAC 0
Holdings
Withdrawn status Lost status Source of classification or shelving scheme Damaged status Not for loan Home library Current library Shelving location Date acquired Total Checkouts Full call number Barcode Date last seen Copy number Price effective from Koha item type
    Dewey Decimal Classification     London London Journal article 11/11/1999   ABS61211 101808-1001 06/08/2019 1 06/08/2019 Journal article